BIBLIOTECA PODER JUDICIAL
Portal Judicial TDF

El derecho de huelga y el decreto 340-2025 / (Registro nro. 6029)

000 -LEADER
fixed length control field 01408nab a22002537a 4500
003 - CONTROL NUMBER IDENTIFIER
control field OSt
005 - DATE AND TIME OF LATEST TRANSACTION
control field 20260116203024.0
008 - FIXED-LENGTH DATA ELEMENTS--GENERAL INFORMATION
fixed length control field 190605e xxu||||| |||| 00| 0 spa d
040 ## - CATALOGING SOURCE
Transcribing agency PJ
100 ## - MAIN ENTRY--PERSONAL NAME
Personal name Pose, Lucía Verónica
9 (RLIN) 4563
245 13 - TITLE STATEMENT
Title El derecho de huelga y el decreto 340-2025 /
Statement of responsibility, etc Lucía Verónica Pose.
260 ## - PUBLICATION, DISTRIBUTION, ETC. (IMPRINT)
Place of publication, distribution, etc Ciudad Autónoma de Buenos Aires :
Name of publisher, distributor, etc Thomson Reuters La Ley,
Date of publication, distribution, etc 2025.
300 ## - PHYSICAL DESCRIPTION
Extent p. 21-26
500 ## - GENERAL NOTE
General note Cita Online: Cita: TR LALEY AR/DOC/2004/2025.
505 ## - FORMATTED CONTENTS NOTE
Formatted contents note Sumario: I. Introducción.— II. La evolución del derecho de huelga.— III. La reglamentación del derecho de huelga.— IV. La huelga frente a los servicios esenciales. La regulación prevista en la ley 25.877 y el dec. 272/2006.— V. La sanción del dec. 340/2025.— VI. Fallo "Confederación General del Trabajo de la República Argentina c. Poder Ejecutivo Nacional s/ acción de amparo".— VII. Conclusión.
505 ## - FORMATTED CONTENTS NOTE
Title ¿Te interesa el texto completo? Solicitalo al correo: koha@justierradelfuego.gov.ar
650 #0 - SUBJECT ADDED ENTRY--TOPICAL TERM
9 (RLIN) 4583
Topical term or geographic name as entry element DERECHOS SINDICALES
650 #0 - SUBJECT ADDED ENTRY--TOPICAL TERM
9 (RLIN) 4564
Topical term or geographic name as entry element DERECHO DE HUELGA
650 #0 - SUBJECT ADDED ENTRY--TOPICAL TERM
9 (RLIN) 1462
Topical term or geographic name as entry element CONFLICTOS COLECTIVOS DE TRABAJO
650 #0 - SUBJECT ADDED ENTRY--TOPICAL TERM
9 (RLIN) 5622
Topical term or geographic name as entry element SERVICIOS ESENCIALES
650 #0 - SUBJECT ADDED ENTRY--TOPICAL TERM
9 (RLIN) 1340
Topical term or geographic name as entry element MEDIDAS DE FUERZA
773 0# - HOST ITEM ENTRY
Host Biblionumber 2711
Host Itemnumber 3168
Place, publisher, and date of publication Ciudad Autónoma de Buenos Aires : Thomson Reuters La Ley, 1999-2002.
Title Revista de derecho del trabajo. Nº 5 - Septiembre 2025
942 ## - ADDED ENTRY ELEMENTS (KOHA)
Source of classification or shelving scheme
Koha item type Analítica Artículo de Revista

No hay ítems disponibles.

12 de Octubre 789 Ushuaia - Tel:  54(02901)441571
Horario de Atención: 8.00 a 17.00 hs. 
bibliotecaush@justierradelfuego.gov.ar
koha@justierradelfuego.gov.ar
Seguinos en nuestras redes @bibliojustdf 

Con tecnología Koha